مكتبة جامعة عجلون الوطنية

فهرس بحث المكتبة

معوقات تعليم الرياضيات وتعلمها لطلبة الصف العاشر الاساسي في لواء بني كنانة من وجهة نظر المعلمين والطلبة=The obstacles of teaching and learning mathematics for 10th grade at bani-kenana region from teacher,s and students, perspectives / (Record no. 29407)

MARC details
000 -LEADER
fixed length control field 01394nam a2200241Ii 4500
003 - CONTROL NUMBER IDENTIFIER
control field JO-AjNU
005 - DATE AND TIME OF LATEST TRANSACTION
control field 20240630101121.0
008 - FIXED-LENGTH DATA ELEMENTS--GENERAL INFORMATION
fixed length control field 230605s9999||||xx |||||||||||||| ||und||
040 ## - CATALOGING SOURCE
Original cataloging agency JO-AjNU
Language of cataloging ara
Description conventions rda
Transcribing agency JO-AjNU
041 ## - LANGUAGE CODE
Language code of text/sound track or separate title ara
050 14 - LIBRARY OF CONGRESS CALL NUMBER
Classification number QA13.5 2015
100 #1 - MAIN ENTRY--PERSONAL NAME
Personal name القصيرين، عندليب مصطفى
Relator term معد
9 (RLIN) 65913
245 00 - TITLE STATEMENT
Title معوقات تعليم الرياضيات وتعلمها لطلبة الصف العاشر الاساسي في لواء بني كنانة من وجهة نظر المعلمين والطلبة=The obstacles of teaching and learning mathematics for 10th grade at bani-kenana region from teacher,s and students, perspectives /
Statement of responsibility, etc. اعداد عندليب مصطفى القصيرين، اشراف احمد محمد الدويري
264 31 - PRODUCTION, PUBLICATION, DISTRIBUTION, MANUFACTURE, AND COPYRIGHT NOTICE
Place of production, publication, distribution, manufacture 2015
300 ## - PHYSICAL DESCRIPTION
Extent 93 ورقة
336 ## - CONTENT TYPE
Content type term text
Content type code txt
Source rdacontent
337 ## - MEDIA TYPE
Media type term unmediated
Media type code n
Source rdamedia
338 ## - CARRIER TYPE
Carrier type term volume
Carrier type code nc
Source rdacarrier
500 ## - GENERAL NOTE
General note رسالة جامعية (ماجستير في مناهج الرياضيات واساليب التدريس للمرحلة الاساسية)--جامعة ال البيت، كلية العلوم التربوية(المفرق)، 2015، يشتمل على جداول توضيحية
650 #4 - SUBJECT ADDED ENTRY--TOPICAL TERM
Topical term or geographic name entry element الرياضيات - مناهج واساليب تدريس
9 (RLIN) 57634
700 #1 - ADDED ENTRY--PERSONAL NAME
Personal name الدويري، احمد محمد
Relator term مشرف
9 (RLIN) 65916
942 ## - ADDED ENTRY ELEMENTS (KOHA)
Source of classification or shelving scheme Library of Congress Classification
Koha item type Thesis
Holdings
Withdrawn status Lost status Source of classification or shelving scheme Damaged status Not for loan Home library Current library Shelving location Date acquired Total Checkouts Full call number Barcode Date last seen Price effective from Koha item type
    Library of Congress Classification     مكتبة جامعة عجلون الوطنية مكتبة جامعة عجلون الوطنية المراجع 06/06/2023   QA13.5 2015 A25839 06/06/2023 06/06/2023 Thesis